000 00383nam a2200169Ia 4500
001 14562
005 20260306164923.0
008 260306t9999||||xx |||||||||||||| ||spa||
041 _aESP
082 _a515.222
_bG63
100 _aGómez Castro, Víctor
_eAUT
245 0 _aLímites y continuidad
300 _a
_c
650 _aGEN
654 _aCMA
942 _cLIB
_dJUS
_fJUS
_2ddc
_n
999 _c14562
_d14562